000 00431nam a2200157 i 4500
001 58030
003 ES-MaACL
005 20230906163718.0
007 t|
008 031020s1916 xxk ||||1| eng d
100 1 _aDunlop, H.
_946048
245 1 4 _aThe supreme will or the danger of a premature peace /
_cH. Dunlop.
260 _aThe Hague :
_bMartinus Nijhoff,
_c1916.
300 _a191 p. ;
_c19 cm.
852 _aES-MaACL
_jC-1038
999 _c58030
_d58030